Score 0/65 Timer 10:00
0 Plays Today
Role Movie % Correct
Mitch BrennerThe Birds
87.5%
H. George WellsThe Time Machine
75%
Pongo (voice)101 Dalmatians
50%
Bruce TempletonThe Glass Bottom Boat
31.3%
Peter McDermottHotel
31.3%
Sir David KarfreyGiant
25%
GradyThe Train Robbers
25%
Winston ChurchillInglourious Basterds
25%
Les MangrumThe V.I.P.s
18.8%
Lem SutterTop Gun
12.5%
AlThe Rack
12.5%
Mike MitchellSunday in New York
12.5%
Boysie OakesThe Liquidator
12.5%
Brynie MacKayTo Hell with Heroes
12.5%
Lee AllenZabriskie Point
12.5%
Trader HornTrader Horn
12.5%
Mike RandallStep Down to Terror
6.3%
CharlesSeparate Tables
6.3%
Mike HarperDo Not Disturb
6.3%
ChukaChuka
6.3%
CurryDark of the Sun
6.3%
Travis McGeeDarker Than Amber
6.3%
Frank BrandThe Deadly Trackers
6.3%
Christopher TaulingVortex
6.3%
Billy PatrickOpen Season
6.3%
Daddy-OWelcome to Woop Woop
6.3%
Jack JanieroKing of the Coral Sea
0%
Israel HandsLong John Silver
0%
Cpl. GwilymThe Virgin Queen
0%
John Brodie EvansHell on Frisco Bay
0%
Herbert EllisWorld Without End
0%
Ralph HalloranThe Catered Affair
0%
Garwood B. JonesRaintree County
0%
Role Movie % Correct
Ross TayfordAsk Any Girl
0%
PirroColossus and the Amazon Queen
0%
Glenn EvansDateline: San Francisco
0%
Sir Frances DrakeSeven Seas to Calais
0%
Col. Hollis FarrA Gathering of Eagles
0%
Capt. Jack SavageFate Is the Hunter
0%
Maj. Walter Gerber36 Hours
0%
John CassidyYoung Cassidy
0%
Scobie MaloneNobody Runs Forever
0%
Peter ReaneyThe Man Who Had Power Over Women
0%
Jason CarlyleFamily Flight
0%
Lt. Bob RobsonThe Heroes
0%
MarkoTactical Guerilla
0%
MarkoPartizani
0%
Shamus McCoyA Matter of Wife...and Death
0%
Reldresal/King Blefuscu (voice)Gulliver's Travels
0%
PalmerThe Picture Show Man
0%
Marian CaseyJamaican Gold
0%
DocKaw
0%
Steve DoneginCry of the Innocent
0%
Clint TolliverHellinger's Law
0%
'Black Jack' BouvierJacqueline Bouvier Kennedy
0%
Jack BaileyA Time to Die
0%
Edward AdeaneChaeles & Diana: A Royal Love Story
0%
Mr. PayattaOn the Run
0%
CommanderMarbella, un golpe de cinco estrellas
0%
Supt. Bob McLaineMask of Murder
0%
LavenderMasquerade
0%
Bill KingPalomino
0%
Gen. WilloughbyGrass Roots
0%
Ted KitteridgeThe Point of Betrayal
0%
Gen. SorensonThe Warload: Battle for the Galaxy
0%
Remove Ads.
Support Sporcle.
Get the best of Sporcle when you Go Orange. This ad-free experience offers more features, more stats, and more fun while also helping to support Sporcle. Thank you for becoming a member.

You're not logged in!

Compare scores with friends on all Sporcle quizzes.
OR
Log In

Show Comments

Extras

Top Quizzes Today


Score Distribution

Your Account Isn't Verified!

In order to create a playlist on Sporcle, you need to verify the email address you used during registration. Go to your Sporcle Settings to finish the process.

Report this User

Report this user for behavior that violates our Community Guidelines.

Details: